Union monétaire: quelles contraintes vont subir les pays ou les régions les moins avancés d'Europe?

Diskusia o efektoch vývoja k rastúcej integrácii a k menovej únii. Otvorenie hraníc málo vyvinutých krajín nezmení sebestačnú rovnováhu. Prvou etapou integrácie bude voľný pohyb kapitálu a druhou etapou stálosť kurzu. Poslednú etapu únie bude tvoriť menlivosť práce. Aká je najlepšia stratégia pre me...

Description complète

Enregistré dans:
Détails bibliographiques
Auteur principal: Artus, P.
Format: Chapitre de livre
Langue:français
Sujets:
Tags: Ajouter un tag
Pas de tags, Soyez le premier à ajouter un tag!

MARC

LEADER 00000naa a2200000 4500
001 r008574
005 20220913124755.2
041 0 |a fre 
044 |a FR 
245 1 0 |a Union monétaire: quelles contraintes vont subir les pays ou les régions les moins avancés d'Europe?  |c P. Artus 
520 |a Diskusia o efektoch vývoja k rastúcej integrácii a k menovej únii. Otvorenie hraníc málo vyvinutých krajín nezmení sebestačnú rovnováhu. Prvou etapou integrácie bude voľný pohyb kapitálu a druhou etapou stálosť kurzu. Poslednú etapu únie bude tvoriť menlivosť práce. Aká je najlepšia stratégia pre menej vyspelé krajiny Európy? (Caisse des dépôts et consignations, Document de travail 1991, č.1991-16/E). 
610 2 0 |a únie menové 
610 2 0 |a západná Európa 
610 2 0 |a integrácia ekonomická 
100 1 |a Artus, P.